Który aktor grał w tych filmach? #3 - Statystyki

Ogólne statystyki
  • Ten quiz został rozwiązany 546 razy
  • Średni wynik to 9 z 16
Statystyki odpowiedzi
Tytuły Aktor % Poprawnych
Rocky | Sędzia Dredd | Tunel Sylvester Stallone
91%
Desperado | Maska Zorro | Evita Antonio Banderas
78%
Edward Nożycoręki | Ed Wood | Co gryzie Gilberta Grape'a Johnny Depp
77%
Wejście Smoka | Droga Smoka | Wściekłe pięści Bruce Lee
75%
Poszukiwacze Zaginionej Arki | Ścigany | GW:Nowa Nadzieja Harrison Ford
73%
Gruby i Chudszy | Książe w Nowym Jorku | Showtime Eddie Murphy
70%
Pani Doubtfire | Jumanji | Patch Adams Robin Williams
68%
Gladiator | Piękny Umysł | Informator Russell Crowe
63%
Batman i Robin | Od zmierzchu do świtu | Ocean's Eleven George Clooney
51%
Bodyguard | Tańczący z wilkami | Doskonały Świat Kevin Costner
51%
Chłopcy z ferajny | Mój kuzyn Vinny | Kevin sam w domu Joe Pesci
45%
Szklana Pułapka | Pachnidło | Harry Potter i kamień filozoficzny Alan Rickman
34%
Rain Man | Maratończyk | Tootsie Dustin Hoffman
33%
Filadelfia | Człowiek w ogniu | Dzień Próby Denzel Washington
28%
Austin Powers | Świat Wayne'a | Shrek(Głos) Mike Myers
22%
Jerry Maguire | Siła i Honor | Wyścig Szczurów Cuba Gooding Jr.
17%
Nie znaleziono quizów pasujących do podanych kryteriów
Rozkład punktacji
Procent ludzi z każdym wynikiem
Percentyl według liczby udzielonych odpowiedzi
Twoja historia wyników
Nie rozwiązałeś tego quizu